Hypertension primer : (Record no. 5056)
[ view plain ]
| 000 -LEADER | |
|---|---|
| fixed length control field | 01296cam a2200361 a 4500 |
| 001 - ACCESSION NUMBER | |
| control field | 42628 |
| 003 - CONTROL NUMBER IDENTIFIER | |
| control field | UkOxU |
| 005 - DATE AND TIME OF LATEST TRANSACTION | |
| control field | 20160209151226.0 |
| 008 - FIXED-LENGTH DATA ELEMENTS--GENERAL INFORMATION | |
| fixed length control field | 030516s2003 paua b 001 0 eng |
| 020 ## - INTERNATIONAL STANDARD BOOK NUMBER | |
| International Standard Book Number | 0781745098 |
| 035 ## - SYSTEM CONTROL NUMBER | |
| System control number | (DNLM)101179631 |
| 035 ## - SYSTEM CONTROL NUMBER | |
| System control number | (CStRLIN)MDNM101179631-B |
| 040 ## - CATALOGING SOURCE | |
| Original cataloging agency | ME6 |
| Transcribing agency | ME6 |
| 042 ## - AUTHENTICATION CODE | |
| Authentication code | nlmcopyc |
| 060 00 - NATIONAL LIBRARY OF MEDICINE CALL NUMBER | |
| Classification number | 2003 G-573 |
| 060 10 - NATIONAL LIBRARY OF MEDICINE CALL NUMBER | |
| Classification number | WG 340 |
| Item number | H99654 2003 |
| 060 #4 - NATIONAL LIBRARY OF MEDICINE CALL NUMBER | |
| Classification number | WG 340 |
| Item number | HYP |
| 082 ## - DEWEY DECIMAL CLASSIFICATION NUMBER | |
| Classification number | 616.132 |
| 245 00 - TITLE STATEMENT | |
| Title | Hypertension primer : |
| Remainder of title | the essentials of high blood pressure / |
| Statement of responsibility, etc. | senior editors, Joseph L. Izzo Jr. and Henry R. Black ; section editors, Theodore L. Goodfriend ... [et al.]. |
| 250 ## - EDITION STATEMENT | |
| Edition statement | 3rd ed. |
| 260 ## - PUBLICATION, DISTRIBUTION, ETC. (IMPRINT) | |
| Place of publication, distribution, etc. | Philadelphia, Penn. : |
| Name of publisher, distributor, etc. | Lippincott Williams & Wilkins, |
| Date of publication, distribution, etc. | c2003. |
| 300 ## - PHYSICAL DESCRIPTION | |
| Extent | xxiv, 532 p. ; |
| Other physical details | ill. ; |
| Dimensions | 28 cm. |
| 500 ## - GENERAL NOTE | |
| General note | "From the Council on High Blood Pressure Research, American Heart Association." |
| 504 ## - BIBLIOGRAPHY, ETC. NOTE | |
| Bibliography, etc | Includes bibliographical references and index. |
| 650 #0 - SUBJECT ADDED ENTRY--TOPICAL TERM | |
| Topical term or geographic name as entry element | Hypertension. |
| 650 12 - SUBJECT ADDED ENTRY--TOPICAL TERM | |
| Topical term or geographic name as entry element | Hypertension. |
| 700 1# - ADDED ENTRY--PERSONAL NAME | |
| Personal name | Izzo, Joseph L. |
| 700 1# - ADDED ENTRY--PERSONAL NAME | |
| Personal name | Black, Henry R. |
| Fuller form of name | (Henry Richard), |
| Dates associated with a name | 1942- |
| 700 1# - ADDED ENTRY--PERSONAL NAME | |
| Personal name | Goodfriend, Theodore L. |
| 710 2# - ADDED ENTRY--CORPORATE NAME | |
| Corporate name or jurisdiction name as entry element | Council for High Blood Pressure Research (American Heart Association) |
| 942 ## - ADDED ENTRY ELEMENTS (KOHA) | |
| Source of classification or shelving scheme | Dewey Decimal Classification |
| Koha item type | Circ Books |
| Withdrawn status | Lost status | Source of classification or shelving scheme | Damaged status | Not for loan | Home library | Current library | Date acquired | Total Checkouts | Full call number | Barcode | Date last seen | Price effective from | Koha item type |
|---|---|---|---|---|---|---|---|---|---|---|---|---|---|
| Dewey Decimal Classification | Wesley Powell Learning Resource Centre | Wesley Powell Learning Resource Centre | 02/09/2016 | 616.132/HYP | 42628 | 02/09/2016 | 02/09/2016 | Circ Books |